Stability of dynamical systems : theory and applications : proceedings of the National Science Foundation-Conference Board of Mathematical Sciences regional conference held at Mississippi State University
Αποθηκεύτηκε σε:
| Συλλογικό Έργο: | , |
|---|---|
| Άλλοι συγγραφείς: | |
| Μορφή: | Βιβλίο |
| Γλώσσα: | English |
| Δημοσίευση: |
New York :
M. Dekker,
c1977.
|
| Σειρά: | Lecture notes in pure and applied mathematics ;
28 |
| Θέματα: | |
| Ετικέτες: |
Προσθήκη ετικέτας
Δεν υπάρχουν, Καταχωρήστε ετικέτα πρώτοι!
|
MARC
| LEADER | 00000cam a2200000 i 4500 | ||
|---|---|---|---|
| 001 | 1/51982 | ||
| 008 | 941103s1977 nyu ||| | eng|| | ||
| 020 | |a 0824764102 | ||
| 035 | |l 10044296 | ||
| 040 | |a GR-MyUA |b gre |e AACR2 | ||
| 041 | 0 | |a eng | |
| 082 | 0 | |a 515.35 | |
| 245 | 0 | 0 | |a Stability of dynamical systems : |b theory and applications : proceedings of the National Science Foundation-Conference Board of Mathematical Sciences regional conference held at Mississippi State University / |c edited by John R. Graef. |
| 260 | |a New York : |b M. Dekker, |c c1977. | ||
| 300 | |a xi, 214 σ. ; |c 26 εκ. | ||
| 490 | 1 | |a (Lecture notes in pure and applied mathematics |v ; 28) | |
| 504 | |a Περιέχει βιβλιογραφικές παραπομπές και ευρετήριο. | ||
| 650 | 0 | 0 | |a Differential equations |x Congresses. |
| 650 | 0 | 0 | |a Integral equations |x Congresses. |
| 650 | 0 | 0 | |a Stability |x Congresses. |
| 700 | 1 | |a Graef, John R., |d 1942- |e edt | |
| 710 | 2 | |a National Science Foundation (U.S.) | |
| 710 | 2 | |a Conference Board of the Mathematical Sciences. | |
| 830 | 0 | |a Lecture notes in pure and applied mathematics ; |v 28 | |
| 852 | |a INST |b SAMOS |e 19941103 |h 515.35 STA |p 005300001477 |q 005300001477 |t BK |y 0 | ||
| 909 | |a Σ |b 010171 | ||